00440nam a2200157Ia 4500008004100000040001900041041001200060082001900072100002400091245004700115260003300162300002500195650001500220651003700235850001000272131103s9999 xx 000 0 und d aLoreto College aEnglish a193/NIEbLCLIB aNietzsche,Friedrich aThus spake zarathutracFriedrich Nietzsche aNew YorkbCarlton Housec[?] avii,368 p. c 22 cm. aPhilosophy aPhilosophy - Germany and Austria aLCLIB